INTERNATIONAL BUSINESS TEXT & CASES (Record no. 8823)

MARC details
000 -LEADER
fixed length control field 00610nam a22001697a 4500
003 - CONTROL NUMBER IDENTIFIER
control field SGT
020 ## - INTERNATIONAL STANDARD BOOK NUMBER
International Standard Book Number 9789351428220
082 ## - DEWEY DECIMAL CLASSIFICATION NUMBER
Classification number 658.18, RAO
100 ## - MAIN ENTRY--PERSONAL NAME
Personal name RAO,P. SUBBA
245 ## - TITLE STATEMENT
Title INTERNATIONAL BUSINESS TEXT & CASES
250 ## - EDITION STATEMENT
Edition statement 4TH
260 ## - PUBLICATION, DISTRIBUTION, ETC. (IMPRINT)
Place of publication, distribution, etc NEW DELHI
Name of publisher, distributor, etc HIMALAYA PUBLICATION HOUSE
Year of Publication 2015
300 ## - PAGE DESCRIPTION
No. of Pages 622
650 ## - SUBJECT ADDED ENTRY--TOPICAL TERM
Topical term or geographic name as entry element INTERNATIONAL BUSINESS
653 ## - KEYWORDS--INDEX TERM
Keyword term THEORIES OF INTERNATIONAL TRADE, INTERNATIONAL BUSINESS ENVIRONMENTAL, COUNTRY EVALUATION AND SELECTION, MODES OF ENTERING INTERNATIONAL BUSINESS, FDI, GLOBALIZATION, WTO,INTERNATIONAL ACCOUNTING, BALANCE OF PAYMENTS
942 ## - ADDED ENTRY ELEMENTS (KOHA)
Source of classification or shelving scheme Dewey Decimal Classification
Koha item type FCM Books
942 ## - ADDED ENTRY ELEMENTS (KOHA)
-- 4
Holdings
Withdrawn status Lost status Source of classification or shelving scheme Damaged status Not for loan Home library Current library Shelving location Date acquired Vendor Name Cost, normal purchase price SGTU Bill Number Total Checkouts Full call number Accession No. (Barcode) Date last seen Date last borrowed Bill Date Koha item type Total Renewals
    Dewey Decimal Classification     SGT Science & Social Sciences Library SGT Science & Social Sciences Library Text Book 30/05/2016 KIRTI PRAKASHAN 525.00 SGTU 2906 15 658.18, RAO CM855 11/02/2022 09/02/2022   FCM Books  
    Dewey Decimal Classification     SGT Science & Social Sciences Library SGT Science & Social Sciences Library Text Book 30/05/2016 KIRTI PRAKASHAN 525.00 SGTU 2906 34 658.18, RAO CM856 23/05/2023 10/05/2023   FCM Books 1
    Dewey Decimal Classification   Not For Loan SGT Science & Social Sciences Library SGT Science & Social Sciences Library Reference Book 30/05/2016 KIRTI PRAKASHAN 525.00 SGTU 2906   658.18, RAO CM857 30/05/2016     FCM Books